000 00211 a2200097 4500
001 11926
100 _aKahin, G
245 _aMajor government of Asia
260 _a
_bCornell university
_c
090 _c9180
_d9180
942 _aNUST-CAE
_cM
_c36023
999 _c246999
_d246999